| 000 | 00825cam a2200289 i 4500 | ||
|---|---|---|---|
| 001 | 4430321 | ||
| 003 | ARRUPE | ||
| 005 | 20141118144702.0 | ||
| 008 | 770823s1976 miu b 000 0 eng | ||
| 010 | _a77151294 | ||
| 020 | _a0801080762 : | ||
| 035 | _a(OCoLC)3272368 | ||
| 035 | _a(OCoLC)ocm03272368 | ||
| 035 | _a(NNC)4430321 | ||
| 040 |
_aDLC _cDLC _dNNUT |
||
| 050 | 0 |
_aBR1644 _b.P47 |
|
| 090 |
_aBR1644 _b.P47 |
||
| 100 |
_aSpittler, Russell P. _912727 |
||
| 245 | 0 | 0 |
_aPerspectives on the new Pentecostalism / _cRussell P. Spittler, editor. |
| 260 |
_aGrand Rapids : _bBaker Book House, _cc1976. |
||
| 300 |
_a268 p. ; _c23 cm. |
||
| 504 | _aIncludes bibliographical references. | ||
| 650 | 0 |
_aPentecostalism. _92956 |
|
| 700 | 1 |
_aSpittler, Russell P. _912728 |
|
| 942 |
_2lcc _cMONOGRAPH |
||
| 999 |
_c121269 _d121269 |
||